[Event "26th EUR-ch"]
[Site "Katowice POL"]
[Date "2026.04.10"]
[Round "4.145"]
[White "Morkunas, Gustas"]
[Black "Tirpan, Ceren"]
[Result "1-0"]
[WhiteElo "2350"]
[BlackElo "2167"]
[EventDate "2026.04.07"]
[PlyCount "63"]

1.d4 Nf6 2.c4 g6 3.Nc3 d5 4.Nf3 Bg7 5.cxd5 Nxd5 6.e3 O-O 7.Bc4 Nb6 8.Bb3 
Nc6 9.O-O e5 10.d5 Na5 11.e4 c6 12.Be3 cxd5 13.exd5 Re8 14.Rc1 Bd7 15.Nd2 
Rc8 16.Qe2 Nxb3 17.axb3 Bf5 18.Rfd1 h5 19.f3 e4 20.Ndxe4 Bxe4 21.fxe4 Bxc3
22.bxc3 Rxe4 23.Qf3 Re5 24.c4 Rf5 25.Qg3 Nd7 26.Bd4 b5 27.Bxa7 bxc4 28.
bxc4 Qa5 29.Bd4 Qa2 30.Qe3 Nf8 31.Ra1 Qc2 32.Rdc1 1-0

[Event "26th EUR-ch"]
[Site "Katowice POL"]
[Date "2026.04.10"]
[Round "4.146"]
[White "Margaritis, Ioannis M."]
[Black "Vijayakumar, Rishi"]
[Result "0-1"]
[WhiteElo "2012"]
[BlackElo "2347"]
[EventDate "2026.04.07"]
[PlyCount "126"]

1.d4 Nf6 2.c4 e6 3.g3 d5 4.Bg2 Bb4+ 5.Nd2 a5 6.a3 Be7 7.Ngf3 a4 8.O-O Nc6 
9.Qc2 O-O 10.Rd1 Bd7 11.h4 Qc8 12.e4 h6 13.Bf1 Rd8 14.Be2 Ra7 15.e5 Nh7 
16.Bd3 Nf8 17.c5 b6 18.cxb6 cxb6 19.Nf1 b5 20.Qe2 Na5 21.Bf4 Qb7 22.h5 b4 
23.N1h2 Rb8 24.Qe3 Nc4 25.Bxc4 dxc4 26.Ng4 Rd8 27.axb4 Qd5 28.Nd2 Bc6 29.
f3 Rb7 30.Ne4 Nh7 31.b5 Qxb5 32.Nc3 Qb4 33.Nf2 Ng5 34.Nfe4 Nh3+ 35.Kg2 
Nxf4+ 36.gxf4 Qxb2+ 37.Kh3 Rb3 38.Rdb1 Qc2 39.Rc1 Qd3 40.Qxd3 cxd3 41.Nd2 
Rb2 42.Nce4 Bxe4 43.Nxe4 d2 44.Rc4 a3 45.Nf2 Kf8 46.Rd1 a2 47.Ra4 Rc8 48.
Kg3 Ke8 49.Ra1 Rcc2 50.Ra8+ Bd8 51.f5 Kd7 52.fxe6+ fxe6 53.Ra7+ Kc6 54.Kf4
Bg5+ 55.Ke4 Kb6 56.Ra8 Kb7 57.Ra5 Bh4 58.Nd1 Rb1 59.R5xa2 Rxa1 60.Rxc2 
Rxd1 61.Ke3 Bg5+ 62.f4 Bxf4+ 63.Kxf4 Rf1+ 0-1

[Event "26th EUR-ch"]
[Site "Katowice POL"]
[Date "2026.04.10"]
[Round "4.147"]
[White "Zawisza, Alan"]
[Black "Kaczmarek, Aleksander"]
[Result "0-1"]
[WhiteElo "2007"]
[BlackElo "2340"]
[EventDate "2026.04.07"]
[PlyCount "130"]

1.e4 e5 2.Nf3 Nc6 3.Bc4 Nf6 4.d3 Be7 5.O-O O-O 6.Nbd2 d6 7.c3 Na5 8.Bb5 a6
9.Ba4 b5 10.Bc2 c5 11.d4 Qc7 12.d5 Bg4 13.Re1 Bh5 14.Nf1 c4 15.Ng3 Bg6 16.
Nh4 Nb7 17.Nhf5 Nc5 18.h4 h6 19.h5 Bh7 20.Qf3 Kh8 21.Be3 Ng8 22.Nxe7 Nxe7 
23.Bxh6 f5 24.Bg5 fxe4 25.Qe2 Nd3 26.Rf1 Nxd5 27.Nxe4 N5f4 28.Bxf4 Nxf4 
29.Qd1 Qe7 30.Ng3 Qb7 31.f3 Qa7+ 32.Kh2 Bxc2 33.Qxc2 Nd3 34.Ne4 d5 35.Nf2 
e4 36.Nxd3 cxd3 37.Qd2 Rf5 38.g4 Rxf3 39.Rxf3 exf3 40.Rf1 Re8 41.Qxd3 Qc7+
42.Kh3 Re2 43.Rh1 Qf4 44.Qf5 Qxf5 45.gxf5 Rxb2 46.Rd1 Rxa2 47.Rxd5 Kh7 48.
Kg3 f2 49.Kg2 Kh6 50.Rd6+ Kxh5 51.Rg6 Rc2 52.Rxa6 Rxc3 53.Rg6 Rf3 54.Kf1 
Rxf5 55.Rxg7 Rf4 56.Rg3 b4 57.Rg8 Kh4 58.Rg7 Kh5 59.Rg8 Rf3 60.Rg7 Kh6 61.
Rg4 b3 62.Rg8 Kh7 63.Rg4 b2 64.Rb4 Rh3 65.Kxf2 Rh1 0-1

[Event "26th EUR-ch"]
[Site "Katowice POL"]
[Date "2026.04.10"]
[Round "4.148"]
[White "Coicev, Matei-Andrei"]
[Black "Chojnacki, Slawomir"]
[Result "1-0"]
[WhiteElo "2333"]
[BlackElo "2166"]
[EventDate "2026.04.07"]
[PlyCount "111"]

1.e4 c6 2.d4 d5 3.exd5 cxd5 4.Bd3 Nc6 5.c3 Nf6 6.h3 g6 7.Nf3 Bg7 8.O-O O-O
9.Re1 Bf5 10.Be2 a6 11.Nbd2 Rc8 12.Nf1 b5 13.a4 Qb6 14.axb5 axb5 15.Qb3 b4
16.Bf4 Ne4 17.Ne3 Be6 18.Bd3 Rfd8 19.Nc2 Bf5 20.Rad1 e5 21.Be3 Nxc3 22.
Bxf5 Nxd1 23.Bxc8 Nxe3 24.Nxe3 exd4 25.Nxd5 Qc5 26.Be6 fxe6 27.Nf4 Kh8 28.
Nxe6 Qd5 29.Qxd5 Rxd5 30.Nf4 Rd8 31.Nd3 Kg8 32.Rc1 Rd6 33.Rc4 Bf6 34.Kf1 
b3 35.Ke2 Kf8 36.Nd2 Ne5 37.Nxe5 Bxe5 38.Kd3 Ra6 39.Rb4 Ra1 40.Rxb3 Bf6 
41.Ne4 Be5 42.Rb5 Bf4 43.g3 Bh6 44.Rb8+ Kf7 45.Rb7+ Ke6 46.Rxh7 Bc1 47.
Nc5+ Kd5 48.Nb3 Rb1 49.Nxc1 Rxc1 50.Rd7+ Ke5 51.f4+ Kf5 52.Rxd4 Rg1 53.
Rd5+ Kf6 54.Rg5 Rg2 55.Kc3 Rg1 56.b4 1-0

[Event "26th EUR-ch"]
[Site "Katowice POL"]
[Date "2026.04.10"]
[Round "4.149"]
[White "Lewtak, Damian"]
[Black "Basdar, Atakan"]
[Result "1/2-1/2"]
[WhiteElo "2331"]
[BlackElo "2125"]
[EventDate "2026.04.07"]
[PlyCount "129"]

1.d4 d5 2.c3 Nf6 3.Bf4 c5 4.e3 Nc6 5.Nd2 cxd4 6.exd4 Bf5 7.Ngf3 e6 8.Qb3 
Qb6 9.Qxb6 axb6 10.Bb5 Nd7 11.Ne5 Ndxe5 12.Bxe5 Kd7 13.O-O f6 14.Bg3 h5 
15.h4 Bd6 16.Bxd6 Kxd6 17.Rfe1 Rag8 18.f3 g5 19.hxg5 fxg5 20.Kf2 h4 21.Rh1
e5 22.Nb3 exd4 23.Nxd4 Nxd4 24.cxd4 g4 25.Rac1 g3+ 26.Ke3 Rg7 27.a4 Ke6 
28.Kf4 Kf6 29.Rce1 h3 30.Re5 Rh4+ 31.Ke3 hxg2 32.Rg1 Rh1 33.Rxg2 Bh3 34.
Rxg3 Rxg3 35.Kf4 Rg7 36.Rxd5 Be6 37.Rd6 Ke7 38.Rxb6 Bc8 39.Bd3 Rf7+ 40.Ke3
Re1+ 41.Kf2 Re6 42.Rb4 Rff6 43.a5 Kd8 44.Kg3 Re7 45.Be4 Kc7 46.d5 Kb8 47.
Kf2 Ka7 48.Ke3 Ka6 49.Rc4 Bf5 50.b4 Bxe4 51.fxe4 Kb5 52.Rd4 Rh6 53.Kf4 Rh1
54.d6 Rf1+ 55.Ke3 Re8 56.d7 Rd8 57.e5 Re1+ 58.Kf4 Kc6 59.b5+ Kc5 60.Rd3 
Rf8+ 61.Kg3 Rg1+ 62.Kh2 Rgg8 63.e6 Kc4 64.Rg3 Rh8+ 65.Rh3 1/2-1/2

[Event "26th EUR-ch"]
[Site "Katowice POL"]
[Date "2026.04.10"]
[Round "4.150"]
[White "Wasiluk, Mateusz"]
[Black "Zakin, Ilay"]
[Result "0-1"]
[WhiteElo "1933"]
[BlackElo "2330"]
[EventDate "2026.04.07"]
[PlyCount "44"]

1.e4 c5 2.Nf3 d6 3.d4 cxd4 4.Nxd4 Nf6 5.Nc3 a6 6.Bg5 Nbd7 7.Qe2 h6 8.Bh4 
g6 9.O-O-O e5 10.Nb3 Be7 11.f3 b5 12.a3 Qc7 13.Bf2 Rb8 14.Nd5 Nxd5 15.exd5
Nb6 16.Qd2 Nc4 17.Bxc4 bxc4 18.Na1 Bg5 19.Be3 c3 20.bxc3 Qa5 21.Qe2 Qxc3 
22.Bxg5 hxg5 0-1

[Event "26th EUR-ch"]
[Site "Katowice POL"]
[Date "2026.04.10"]
[Round "4.151"]
[White "Krawczyk, Flawian"]
[Black "Pietruszewski, Marcin"]
[Result "0-1"]
[WhiteElo "2329"]
[BlackElo "2127"]
[EventDate "2026.04.07"]
[PlyCount "120"]

1.Nf3 Nf6 2.g3 e6 3.Bg2 a6 4.O-O b5 5.a4 Bb7 6.d4 c5 7.Bf4 Qb6 8.c3 cxd4 
9.cxd4 Be7 10.Nc3 O-O 11.Qd3 Nc6 12.e4 b4 13.e5 bxc3 14.exf6 Nb4 15.Qe2 
Bxf6 16.bxc3 Nd5 17.Bd2 a5 18.Rfb1 Ba6 19.c4 Qc7 20.Rc1 Rfc8 21.Bf1 Nb4 
22.Bf4 Qc6 23.Qe3 Bb7 24.Bg2 Qe4 25.Ne1 Qxe3 26.fxe3 Bxg2 27.Kxg2 Rc6 28.
Nf3 d6 29.g4 Rac8 30.g5 Be7 31.Nd2 e5 32.Bg3 exd4 33.exd4 Bxg5 34.Rd1 Nc2 
35.d5 Ra6 36.Ne4 Be7 37.c5 Nxa1 38.Rxa1 f5 39.Nxd6 Rxc5 40.Nxf5 Bf6 41.Rd1
Rb6 42.Ne3 h5 43.d6 Rb3 44.Nd5 Rc2+ 45.Kh1 Bd8 46.d7 Rb7 47.Ne3 Rcb2 48.
Rd5 Re2 49.Nd1 Re7 50.Rxh5 Rexd7 51.Nf2 Rb4 52.Kg2 Rxa4 53.Kh3 Rad4 54.Rb5
Rb4 55.Rc5 Bb6 56.Rc8+ Rd8 57.Rc6 Bxf2 58.Bxf2 Rd3+ 59.Bg3 a4 60.Ra6 a3 
0-1

[Event "26th EUR-ch"]
[Site "Katowice POL"]
[Date "2026.04.10"]
[Round "4.152"]
[White "Hercegovac, Neven"]
[Black "Walaszczyk, Aleksander"]
[Result "1-0"]
[WhiteElo "2325"]
[BlackElo "1879"]
[EventDate "2026.04.07"]
[PlyCount "160"]

1.e4 e5 2.Nf3 Nc6 3.Bc4 Nf6 4.d3 d5 5.exd5 Nxd5 6.O-O Nb6 7.Bb5 Bd6 8.
Bxc6+ bxc6 9.Nxe5 Bxe5 10.Re1 Qe7 11.Kh1 O-O 12.f4 f6 13.fxe5 fxe5 14.Be3 
c5 15.Nd2 Bb7 16.Re2 Nd5 17.Qg1 Nxe3 18.Qxe3 Rf5 19.h3 Raf8 20.Ne4 Qh4 21.
Kg1 c4 22.Qxa7 cxd3 23.cxd3 Bxe4 24.dxe4 Rf4 25.Qe3 Qf6 26.a4 h5 27.a5 
Rf1+ 28.Rxf1 Qxf1+ 29.Kh2 Qa1 30.b4 Rf1 31.Rf2 Rb1 32.Qf3 h4 33.Qf7+ Kh8 
34.Qe8+ Kh7 35.Qh5+ Kg8 36.Qe8+ Kh7 37.Qh5+ Kg8 38.Qxh4 Rh1+ 39.Kg3 Qc3+ 
40.Kg4 Qxb4 41.Qd8+ Kh7 42.Qh4+ Kg8 43.Qd8+ Kh7 44.Qd5 Re1 45.Kg3 Qc3+ 46.
Kh2 Rc1 47.Rf8 Qc4 48.Qxe5 Qc5 49.Qxc5 Rxc5 50.a6 Ra5 51.Ra8 c5 52.Kg1 c4 
53.Kf2 c3 54.Rc8 Rxa6 55.Rxc3 Kg6 56.Kf3 Kf6 57.Kf4 Ra2 58.Rc6+ Kf7 59.g4 
Rh2 60.Rc3 Kf6 61.e5+ Kf7 62.Re3 Ke6 63.Kg5 Ra2 64.Kg6 Ra7 65.h4 Ra4 66.
Kg5 Ra6 67.h5 Ra4 68.Rb3 Ra7 69.Rb5 Kf7 70.Kf5 Ra4 71.e6+ Kf8 72.g5 Ra6 
73.Rb8+ Ke7 74.Rg8 Ra5+ 75.Kg6 Kd6 76.Rxg7 Ke5 77.e7 Ra6+ 78.Kf7 Ra7 79.
Kf8 Ra8+ 80.e8=Q+ Rxe8+ 1-0

[Event "26th EUR-ch"]
[Site "Katowice POL"]
[Date "2026.04.10"]
[Round "4.153"]
[White "Frankiv, Oleksandr"]
[Black "Grebeniuk, Semen"]
[Result "1-0"]
[WhiteElo "1892"]
[BlackElo "2324"]
[EventDate "2026.04.07"]
[PlyCount "105"]

1.e4 e6 2.d4 d5 3.e5 c5 4.c3 Nc6 5.Nf3 Bd7 6.Bd3 cxd4 7.cxd4 Qb6 8.O-O 
Nxd4 9.Nbd2 Bc5 10.Nxd4 Bxd4 11.Nf3 Ne7 12.Nxd4 Qxd4 13.Re1 Rc8 14.Be3 
Qxe5 15.Qg4 Nc6 16.Bh6 Qd4 17.Qxg7 Qxg7 18.Bxg7 Rg8 19.Bf6 Rg4 20.g3 Nd4 
21.Rec1 Nf5 22.Rxc8+ Bxc8 23.Rc1 Bd7 24.Rc7 Rg6 25.Be5 Bc6 26.b4 d4 27.b5 
Bf3 28.a4 h5 29.a5 f6 30.Bxd4 Rg4 31.Bxf6 Ra4 32.Bc2 Rxa5 33.Bb3 Nd6 34.
Bxe6 Bg4 35.Bxg4 hxg4 36.b6 axb6 37.Re7+ Kf8 38.Rd7 Ne4 39.Bg7+ Kg8 40.
Rxb7 Ng5 41.Kg2 Nf3 42.h3 Ne1+ 43.Kh1 gxh3 44.Bc3 Ra2 45.Bxe1 Re2 46.Bc3 
Rxf2 47.Rxb6 Re2 48.Bf6 Kh7 49.Bg5 Kg7 50.Bf4 Rf2 51.Ra6 h2 52.Rd6 Rb2 53.
Be5+ 1-0

[Event "26th EUR-ch"]
[Site "Katowice POL"]
[Date "2026.04.10"]
[Round "4.154"]
[White "Risteski, Emil"]
[Black "Tudoroiu, Razvan-Catalin"]
[Result "1-0"]
[WhiteElo "2416"]
[BlackElo "2122"]
[EventDate "2026.04.07"]
[PlyCount "155"]

1.c4 c6 2.e4 d5 3.cxd5 cxd5 4.exd5 Nf6 5.Nc3 Nxd5 6.Nf3 e6 7.d4 Be7 8.Bb5+
Bd7 9.Bd3 Bc6 10.O-O Nd7 11.Re1 O-O 12.Bc2 Rc8 13.Qd3 N7f6 14.a3 Nxc3 15.
bxc3 Bxf3 16.Qxf3 Qd5 17.Qh3 Bd6 18.Bd2 b5 19.Bd3 a5 20.Qh4 Rfe8 21.Rab1 
Qa2 22.Red1 Qxa3 23.Bxb5 Red8 24.c4 Bb4 25.Be3 Qa2 26.Bg5 Be7 27.Ra1 Qc2 
28.Rac1 Qb2 29.Rb1 Qa2 30.Ra1 Qc2 31.Qh3 h6 32.Be3 Bb4 33.Qf3 Qe4 34.Rac1 
Qh4 35.h3 Qe4 36.Qe2 Qf5 37.Ba4 Qe4 38.Bc2 Qc6 39.Bb1 Ba3 40.Rc2 Bb4 41.
Rd3 Qa6 42.Ba2 Qc6 43.Qd1 Nd5 44.Bc1 Bf8 45.Bd2 Nb4 46.Bxb4 Bxb4 47.c5 Qe4
48.Re2 Qf4 49.Ree3 Rc7 50.g3 Qf5 51.h4 Qf6 52.Bc4 Kh8 53.Re4 Qf5 54.Rf4 
Qg6 55.Qf3 h5 56.Kg2 Kg8 57.Rd1 Kh8 58.Bd3 f5 59.Bc4 Qh6 60.Rd3 Re8 61.Bb5
Rd8 62.Qe2 Re7 63.Rxf5 exf5 64.Qxe7 Qf6 65.Qxf6 gxf6 66.Kf3 Kg7 67.Ke2 Rb8
68.Ba4 Rd8 69.Bb5 Rb8 70.Bd7 Rd8 71.Ba4 Kg6 72.Bc2 Kg7 73.Rd1 Kg6 74.Kf3 
Bc3 75.d5 Bb4 76.c6 Bd6 77.Re1 Be5 78.Rxe5 1-0

[Event "26th EUR-ch"]
[Site "Katowice POL"]
[Date "2026.04.10"]
[Round "4.155"]
[White "Helis, Tadeusz"]
[Black "Kourkoulos-Arditis, Stamatis"]
[Result "0-1"]
[WhiteElo "2141"]
[BlackElo "2583"]
[EventDate "2026.04.07"]
[PlyCount "112"]

1.e4 c5 2.Nc3 Nc6 3.g3 g6 4.Bg2 Bg7 5.d3 e6 6.Be3 d6 7.Qd2 Rb8 8.Nge2 Nd4 
9.O-O b5 10.Nc1 Nf6 11.f3 O-O 12.Nd1 b4 13.c3 bxc3 14.bxc3 Nc6 15.Nf2 Ba6 
16.f4 Nd7 17.Ne2 Qb6 18.f5 Qb2 19.fxe6 fxe6 20.Rad1 Nde5 21.Nf4 Qxd2 22.
Rxd2 Rfe8 23.h3 Nd7 24.Rc1 Nb6 25.Ne2 Na4 26.Bf4 Ne5 27.c4 Rb6 28.Kf1 Reb8
29.Ke1 Kf7 30.Rdc2 Ke7 31.Bd2 Kd7 32.h4 Rb2 33.Nf4 Ke7 34.Kd1 Nc6 35.Rxb2 
Rxb2 36.Rc2 Rb8 37.Ne2 Nb4 38.Bxb4 Rxb4 39.Nh3 Bc8 40.Nhf4 Bd7 41.Bf3 Kf7 
42.Nh3 h6 43.h5 g5 44.Nf2 Ke7 45.Ng4 Rb8 46.Kd2 Rf8 47.Bg2 Be8 48.Ne3 Bxh5
49.g4 Bg6 50.Rc1 Rb8 51.Rc2 Be5 52.Kc1 Nb6 53.Kd2 Nd7 54.Ke1 Bf4 55.Kf2 
Ne5 56.Rd2 Nxg4+ 0-1

[Event "26th EUR-ch"]
[Site "Katowice POL"]
[Date "2026.04.10"]
[Round "4.156"]
[White "Luba, Lukasz"]
[Black "Culum, Sanjin"]
[Result "1/2-1/2"]
[WhiteElo "2138"]
[BlackElo "2460"]
[EventDate "2026.04.07"]
[PlyCount "61"]

1.d4 Nf6 2.Nf3 d5 3.c3 e6 4.Bg5 b6 5.Nbd2 Bb7 6.h4 Be7 7.Ne5 O-O 8.Rh3 
Nbd7 9.e3 Nxe5 10.dxe5 Nd7 11.Bf4 f6 12.exf6 Bxf6 13.Bd3 e5 14.Qh5 g6 15.
Rg3 Bg7 16.Rxg6 hxg6 17.Bxg6 Rxf4 18.exf4 Qf6 19.Nf3 Nf8 20.f5 Nxg6 21.
fxg6 d4 22.Ng5 dxc3 23.bxc3 e4 24.Rd1 e3 25.fxe3 Qxc3+ 26.Kf2 Rf8+ 27.Kg1 
Qxe3+ 28.Kh1 Bh6 29.Qxh6 Bxg2+ 30.Kxg2 Qe2+ 31.Kh3 1/2-1/2

[Event "26th EUR-ch"]
[Site "Katowice POL"]
[Date "2026.04.10"]
[Round "4.157"]
[White "Rajbharath, Harjith"]
[Black "Tulchynskyi, Feliks"]
[Result "0-1"]
[WhiteElo "2132"]
[BlackElo "2432"]
[EventDate "2026.04.07"]
[PlyCount "134"]

1.d4 Nf6 2.c4 e6 3.Bf4 d5 4.cxd5 exd5 5.e3 c6 6.Nc3 Bf5 7.Bd3 Bxd3 8.Qxd3 
Bd6 9.Nge2 O-O 10.O-O Na6 11.Rfe1 Re8 12.Bxd6 Qxd6 13.Ng3 h5 14.a3 g6 15.
e4 dxe4 16.Ngxe4 Nxe4 17.Rxe4 Red8 18.Qe3 Nc7 19.h3 Rd7 20.Rd1 Rad8 21.g4 
hxg4 22.Rxg4 f5 23.Rg2 Rh7 24.d5 Nxd5 25.Nxd5 cxd5 26.Qg5 Rg7 27.h4 Kf7 
28.Qe3 d4 29.Qf3 Qd5 30.Qf4 Rd6 31.Rg3 Kg8 32.Rgd3 Rgd7 33.Rxd4 Qxd4 34.
Rxd4 Rxd4 35.Qb8+ Kh7 36.Qxa7 Rxh4 37.b4 f4 38.Kg2 Rf7 39.Kf3 g5 40.Qc5 
g4+ 41.Kg2 Rh3 42.Qc2+ Kg7 43.Qe4 f3+ 44.Kg1 Rh6 45.Qd4+ Kh7 46.Qe4+ Rg6 
47.Kf1 Rd7 48.Kg1 Rf7 49.a4 Kh6 50.a5 Rg5 51.Qe3 Kg6 52.b5 Rxb5 53.Qe6+ 
Kg7 54.Qxg4+ Kf8 55.Qc8+ Ke7 56.Qc7+ Kf6 57.Qd8+ Kg7 58.Qd4+ Kg6 59.Qe4+ 
Rbf5 60.Kf1 Kh5 61.Qe8 Kg5 62.Qg8+ Kf6 63.Qd8+ Re7 64.Qd4+ Kg5 65.Qd6 Rfe5
66.Kg1 Kg4 67.Qd4+ Kh3 0-1

[Event "26th EUR-ch"]
[Site "Katowice POL"]
[Date "2026.04.10"]
[Round "4.158"]
[White "Mkrtchian, Mariam"]
[Black "Zadrapova, Amalie"]
[Result "1-0"]
[WhiteElo "2368"]
[BlackElo "2139"]
[EventDate "2026.04.07"]
[PlyCount "65"]

1.d4 d5 2.c4 dxc4 3.Nf3 Nf6 4.e3 e6 5.Bxc4 c5 6.O-O cxd4 7.Nxd4 Be7 8.b3 
O-O 9.Bb2 a6 10.Qf3 Qb6 11.Nd2 Nbd7 12.Be2 Qa7 13.Nc4 Nd5 14.Rfd1 Bf6 15.
Rac1 N7b6 16.Qg3 Qb8 17.Qxb8 Rxb8 18.Ba3 Re8 19.Bd6 Ra8 20.e4 Nxc4 21.bxc4
Nb6 22.e5 Bd8 23.Bf3 f6 24.c5 fxe5 25.Bxe5 Nd7 26.Bd6 Ra7 27.c6 Nf6 28.Bb8
Ra8 29.c7 Be7 30.Nc6 Nd7 31.Rxd7 Bxd7 32.Nxe7+ Rxe7 33.Bxb7 1-0

[Event "26th EUR-ch"]
[Site "Katowice POL"]
[Date "2026.04.10"]
[Round "4.159"]
[White "Goroskov, Maksim"]
[Black "Madrawski, Krzysztof"]
[Result "1-0"]
[WhiteElo "2364"]
[BlackElo "2132"]
[EventDate "2026.04.07"]
[PlyCount "87"]

1.c4 c6 2.b3 d5 3.Bb2 Nf6 4.e3 Bf5 5.Nf3 h6 6.cxd5 cxd5 7.Bb5+ Nbd7 8.O-O 
a6 9.Bxd7+ Nxd7 10.Nc3 e6 11.Ne2 Nc5 12.Nf4 Nd3 13.Nxd3 Bxd3 14.Re1 f6 15.
Rc1 Bd6 16.Nd4 Qd7 17.Rc3 Bh7 18.Qh5+ Ke7 19.Rec1 e5 20.Ba3 Rhc8 21.Bxd6+ 
Kxd6 22.Ne2 Rxc3 23.Nxc3 Bg8 24.Qg6 Rc8 25.h3 Rc6 26.d4 Kc7 27.Ne2 Rxc1+ 
28.Nxc1 exd4 29.exd4 Be6 30.Nd3 Bf5 31.Qg3+ Kc8 32.Nc5 Qe7 33.Qc3 Kd8 34.
Qf3 Be4 35.Qg3 Kc8 36.Qc3 Qc7 37.Qe3 Bb1 38.Qe8+ Qd8 39.Qf7 Qb6 40.Qf8+ 
Kc7 41.Qxg7+ Kc8 42.a3 Qd6 43.Qxb7+ Kd8 44.Qxa6 1-0

[Event "26th EUR-ch"]
[Site "Katowice POL"]
[Date "2026.04.10"]
[Round "4.160"]
[White "Perossa, Nicolas"]
[Black "Paprocki, Jaroslaw"]
[Result "1-0"]
[WhiteElo "2362"]
[BlackElo "2136"]
[EventDate "2026.04.07"]
[PlyCount "73"]

1.e4 e5 2.Nc3 Nf6 3.Bc4 Bc5 4.Nge2 Nc6 5.O-O d6 6.d3 Na5 7.Ng3 Bg4 8.Qe1 
Nxc4 9.dxc4 a5 10.b3 Nd7 11.Na4 Bd4 12.Rb1 O-O 13.Bd2 c6 14.Be3 Bxe3 15.
Qxe3 f5 16.exf5 Bxf5 17.Rbd1 Qc7 18.Qd2 Nc5 19.Nxc5 dxc5 20.Nxf5 Rxf5 21.
Rfe1 Re8 22.Re4 Rf4 23.Qxf4 exf4 24.Rxe8+ Kf7 25.Re4 g5 26.g3 Qc8 27.Kg2 
Qf5 28.f3 h5 29.Rde1 Kf6 30.R1e2 fxg3 31.hxg3 Qd7 32.a4 Qd6 33.Kf2 h4 34.
gxh4 Qh2+ 35.Ke3 Qg1+ 36.Kd2 gxh4 37.Rf4+ 1-0

[Event "26th EUR-ch"]
[Site "Katowice POL"]
[Date "2026.04.10"]
[Round "4.161"]
[White "Baerwinkel, Tobias"]
[Black "Atienza Alvarez, Javier"]
[Result "1-0"]
[WhiteElo "2323"]
[BlackElo "2126"]
[EventDate "2026.04.07"]
[PlyCount "75"]

1.e4 e6 2.d4 d5 3.e5 c5 4.c3 Nc6 5.Nf3 Bd7 6.Be2 f6 7.O-O fxe5 8.Nxe5 Nxe5
9.dxe5 Qc7 10.Re1 O-O-O 11.Bf1 Ne7 12.a4 Nc6 13.Na3 a6 14.b4 cxb4 15.Nb5 
axb5 16.axb5 Na5 17.cxb4 Bxb4 18.Bd2 Bxd2 19.Qxd2 b6 20.Rxa5 bxa5 21.Rc1 
Qxc1 22.Qxc1+ Kb7 23.Qc5 a4 24.Qd6 Bc8 25.Qa6+ Kb8 26.Qxa4 Rd7 27.b6 Rhd8 
28.Bb5 d4 29.Bxd7 Rxd7 30.Kf1 d3 31.Ke1 d2+ 32.Kd1 g6 33.Qc6 Rf7 34.f3 Rd7
35.h4 h6 36.g4 g5 37.h5 Rf7 38.Kxd2 1-0

[Event "26th EUR-ch"]
[Site "Katowice POL"]
[Date "2026.04.10"]
[Round "4.162"]
[White "Vegh, Endre"]
[Black "Tsaknakis, Zisis"]
[Result "1/2-1/2"]
[WhiteElo "2121"]
[BlackElo "2307"]
[EventDate "2026.04.07"]
[PlyCount "51"]

1.d4 Nf6 2.c4 g6 3.Nc3 Bg7 4.e4 d6 5.Nge2 O-O 6.f3 c5 7.d5 e6 8.Ng3 exd5 
9.cxd5 a6 10.a4 h5 11.Bg5 Nbd7 12.Be2 Qc7 13.O-O c4 14.Qd2 Rb8 15.Rfc1 b5 
16.axb5 axb5 17.b4 cxb3 18.Nxb5 Qd8 19.Rab1 Rxb5 20.Bxb5 Qb6+ 21.Qe3 Qxb5 
22.Rxb3 Qa4 23.Ra3 Qb4 24.Rb3 Qa4 25.Ra3 Qb4 26.Rb3 1/2-1/2

[Event "26th EUR-ch"]
[Site "Katowice POL"]
[Date "2026.04.10"]
[Round "4.163"]
[White "Paikens, Reinis"]
[Black "Zeissel, Andrzej"]
[Result "0-1"]
[WhiteElo "2302"]
[BlackElo "2117"]
[EventDate "2026.04.07"]
[PlyCount "132"]

1.c4 e5 2.g3 d6 3.Bg2 f5 4.Nc3 Nf6 5.e3 Be7 6.Nge2 O-O 7.b4 c6 8.a3 Be6 9.
d3 d5 10.cxd5 Nxd5 11.O-O Nd7 12.Bb2 Nxc3 13.Bxc3 Bf6 14.Qd2 Nb6 15.f4 e4 
16.Nd4 Bxd4 17.Bxd4 exd3 18.Rfc1 Bd5 19.Qxd3 Bxg2 20.Kxg2 Qd5+ 21.Kf2 Qe6 
22.b5 Rac8 23.a4 Nd5 24.Bxa7 Nf6 25.Qc4 Qxc4 26.Rxc4 cxb5 27.Rxc8 Rxc8 28.
axb5 Ne4+ 29.Ke1 Ra8 30.b6 Nd6 31.Rd1 Rd8 32.Bb8 Nf7 33.Rxd8+ Nxd8 34.Ke2 
Kf7 35.Kf3 h5 36.h3 g6 37.g4 hxg4+ 38.hxg4 Ke6 39.e4 Nc6 40.Bc7 Ne7 41.Bd8
Nc6 42.Bh4 Nd4+ 43.Ke3 Nc6 44.Be1 fxg4 45.Kf2 Ne7 46.Bb4 Ng8 47.Bc3 Ne7 
48.Bd4 Nc6 49.Bc5 Na5 50.Kg3 Nc4 51.Kxg4 Nd2 52.e5 Ne4 53.Bd6 Kd5 54.Bb8 
Ke6 55.Bc7 Kd5 56.f5 gxf5+ 57.Kxf5 Nc5 58.Kf6 Nd7+ 59.Kf5 Nc5 60.Bd8 Ne6 
61.Bh4 Nc5 62.Bf2 Nd3 63.e6 Nxf2 64.e7 Ne4 65.e8=N Nd6+ 66.Nxd6 Kxd6 0-1

[Event "26th EUR-ch"]
[Site "Katowice POL"]
[Date "2026.04.10"]
[Round "4.164"]
[White "Piddubna, Bozhena"]
[Black "Rzap, Filip"]
[Result "0-1"]
[WhiteElo "2301"]
[BlackElo "2121"]
[EventDate "2026.04.07"]
[PlyCount "202"]

1.c4 c5 2.Nc3 Nc6 3.g3 g6 4.Bg2 Bg7 5.b3 e6 6.e3 Nge7 7.Ba3 d6 8.Nge2 a6 
9.O-O b5 10.Bb2 bxc4 11.bxc4 Rb8 12.Rb1 O-O 13.d4 cxd4 14.exd4 Na5 15.c5 
d5 16.Bc1 Rxb1 17.Nxb1 Bd7 18.Nbc3 Bb5 19.Nxb5 axb5 20.Bf4 Nec6 21.Qb1 b4 
22.Qd3 Nc4 23.Rc1 Qd7 24.h4 h5 25.Kh2 Rc8 26.Rc2 N6a5 27.Nc1 Qa4 28.Nb3 
Nc6 29.Bc1 Na3 30.Bxa3 bxa3 31.Rd2 Rb8 32.Bf1 Rb4 33.Qc2 Kf8 34.Kg2 Ke7 
35.Bd3 Bxd4 36.Bxg6 Rc4 37.Qb1 fxg6 38.Qxg6 Bf6 39.Qxh5 Ne5 40.Qh7+ Nf7 
41.Qg8 Rc3 42.Qg6 Qe4+ 43.Qxe4 dxe4 44.Re2 Rxb3 45.axb3 Bb2 46.Rxe4 a2 47.
Ra4 a1=Q 48.Rxa1 Bxa1 49.Kf3 Bd4 50.b4 Kf6 51.g4 Ke5 52.c6 Bb6 53.Kg3 Bc7 
54.b5 Nd6 55.f4+ Kf6 56.h5 Nxb5 57.Kf3 Nd4+ 58.Ke4 Nxc6 59.h6 Ne7 60.h7 
Kg7 61.f5 exf5+ 62.gxf5 Kxh7 63.f6 Ng6 64.f7 Kg7 65.f8=Q+ Kxf8 66.Kd5 Ke7 
67.Kc6 Bd6 68.Kd5 Kd7 69.Kd4 Kc6 70.Ke4 Ne7 71.Kd4 Kb5 72.Ke4 Kc4 73.Ke3 
Kd5 74.Kf3 Kd4 75.Ke2 Nd5 76.Kf3 Nf6 77.Ke2 Bf4 78.Kf3 Ke5 79.Ke2 Ke4 80.
Kf2 Ng4+ 81.Kg2 Ke3 82.Kh1 Kf3 83.Kg1 Nf2 84.Kf1 Bh2 85.Ke1 Ne4 86.Kf1 
Nd2+ 87.Ke1 Ke3 88.Kd1 Kd3 89.Ke1 Bg3+ 90.Kd1 Nc4 91.Kc1 Nd2 92.Kd1 Bh4 
93.Kc1 Nc4 94.Kd1 Nb2+ 95.Kc1 Kc3 96.Kb1 Kb3 97.Kc1 Bg5+ 98.Kb1 Nc4 99.Ka1
Bh6 100.Kb1 Na3+ 101.Ka1 Bg7# 0-1

[Event "26th EUR-ch"]
[Site "Katowice POL"]
[Date "2026.04.10"]
[Round "4.165"]
[White "Nakonechnyi, Oleksii"]
[Black "Podgorski, Maciej"]
[Result "1-0"]
[WhiteElo "2296"]
[BlackElo "2113"]
[EventDate "2026.04.07"]
[PlyCount "93"]

1.c4 e5 2.Nc3 Nf6 3.Nf3 Nc6 4.g3 Bc5 5.d3 O-O 6.Bg2 h6 7.O-O Re8 8.e3 d6 
9.d4 Bb6 10.h3 e4 11.Nd2 Bf5 12.Kh2 Nb4 13.b3 a5 14.a3 Nd3 15.f3 exf3 16.
Qxf3 Bg6 17.Nd5 Nxd5 18.cxd5 a4 19.b4 Qd7 20.Rd1 Re7 21.Bf1 Rae8 22.Nc4 
Nxc1 23.Raxc1 Be4 24.Qh5 Kh7 25.Bd3 g6 26.Bxe4 Rxe4 27.Qf3 Ba7 28.Rc3 h5 
29.Rd2 Qe7 30.b5 f5 31.Rdc2 Bb8 32.h4 Qf7 33.Kg2 R8e7 34.b6 Rg4 35.Nd2 
cxb6 36.Rc8 Re8 37.Kf2 b5 38.Qd1 f4 39.exf4 Ba7 40.Rxe8 Qxe8 41.Rc7+ Kh6 
42.Nf3 Bb8 43.Rxb7 Qc8 44.Re7 Qc3 45.Qe1 Qc4 46.Qd2 g5 47.f5 1-0

[Event "26th EUR-ch"]
[Site "Katowice POL"]
[Date "2026.04.10"]
[Round "4.166"]
[White "Lorenz, Roger"]
[Black "Sliwicka, Alicja"]
[Result "1/2-1/2"]
[WhiteElo "2118"]
[BlackElo "2293"]
[EventDate "2026.04.07"]
[PlyCount "107"]

1.d4 Nf6 2.c4 c5 3.d5 b5 4.cxb5 a6 5.e3 axb5 6.Bxb5 Qa5+ 7.Nc3 Bb7 8.Bd2 
Qb6 9.a4 Nxd5 10.Nf3 e6 11.O-O Be7 12.e4 Nb4 13.Ne5 O-O 14.Nc4 Qd8 15.Qg4 
f5 16.exf5 exf5 17.Qe2 N8c6 18.Bxc6 Bxc6 19.Ne5 Bb7 20.Nb5 Nd5 21.Qc4 Kh8 
22.Rfd1 d6 23.Nd3 Nf6 24.Nf4 d5 25.Qb3 Qd7 26.Qh3 Kg8 27.Nd3 d4 28.Ne5 Qd5
29.Nd3 Rac8 30.Re1 Bd6 31.Bf4 Bxf4 32.Nxf4 Qd7 33.Re5 Ng4 34.Ree1 Rfe8 35.
Qd3 Ne5 36.Qg3 Rc6 37.h4 Ng4 38.Qd3 Ne5 39.Qh3 Rf6 40.Rad1 Rf7 41.Qb3 Be4 
42.f3 Bc6 43.Nd3 Nxd3 44.Qxd3 Rb8 45.b4 Bxb5 46.axb5 cxb4 47.Re5 Re8 48.
Rde1 Rxe5 49.Rxe5 g6 50.Qc4 Qd8 51.Rd5 Qxh4 52.Qxd4 Qxd4+ 53.Rxd4 Rb7 54.
Rxb4 1/2-1/2

[Event "26th EUR-ch"]
[Site "Katowice POL"]
[Date "2026.04.10"]
[Round "4.167"]
[White "Niezhentsev, Kyrylo"]
[Black "Gajdzica, Maciej"]
[Result "1/2-1/2"]
[WhiteElo "2293"]
[BlackElo "2110"]
[EventDate "2026.04.07"]
[PlyCount "90"]

1.e4 e5 2.Nf3 Nc6 3.Bb5 a6 4.Ba4 Nf6 5.d3 d6 6.c3 g6 7.O-O Bg7 8.d4 O-O 9.
d5 Ne7 10.Bc2 Ne8 11.c4 f5 12.Bg5 h6 13.Bxe7 Qxe7 14.Nc3 f4 15.h3 g5 16.
Nd2 Nf6 17.f3 Rf7 18.Kf2 Nh5 19.Ne2 Bd7 20.b4 Raf8 21.Bd3 Ng3 22.Nxg3 
fxg3+ 23.Ke2 h5 24.Qe1 g4 25.hxg4 hxg4 26.Qxg3 Bh6 27.Kd1 Qg5 28.Qe1 Qxd2+
29.Qxd2 Bxd2 30.Kxd2 gxf3 31.gxf3 Rxf3 32.Rxf3 Rxf3 33.c5 Rf2+ 34.Kc3 Ba4 
35.Rg1+ Kf7 36.Rh1 Kg7 37.Rg1+ Kf7 38.Rh1 Kg7 39.Bc4 Rf3+ 40.Kd2 Rf2+ 41.
Kc3 Rc2+ 42.Kd3 Rb2 43.Kc3 Rc2+ 44.Kd3 Rb2 45.Kc3 Rg2 1/2-1/2